000 00250nam a22001097a 4500
008 240711b |||||||| |||| 00| 0 eng d
100 _aS. Sarkar
245 _aCriminal Major Acts
260 _aDelhi
_bLexman
_c2024
300 _a681
942 _2ddc
_cBK
999 _c20762
_d20762